IELTS preparation and practice : reading and writing : Academic module /
Reading test; Writing test.
Gorde:
| Egile nagusia: | |
|---|---|
| Erakunde egilea: | |
| Beste egile batzuk: | , , , |
| Formatua: | Liburua |
| Hizkuntza: | English |
| Argitaratua: |
Đà Nẵng :
Nxb Đà Nẵng,
2003.
|
| Saila: | Chương trình luyện thi IELTS.
|
| Gaiak: | |
| Etiketak: |
Etiketa erantsi
Etiketarik gabe, Izan zaitez lehena erregistro honi etiketa jartzen!
|
| Thư viện lưu trữ: | Mạng thư viện Đại học Đà Nẵng |
|---|
| LEADER | 01627nam a2200433 a 4500 | ||
|---|---|---|---|
| 001 | 000041552 | ||
| 003 | 18551 | ||
| 005 | 20241003093409.0 | ||
| 008 | 171030s2003 | ||
| 020 | |c 16000 | ||
| 040 | |a lnn |c lnn |d lnn | ||
| 041 | 0 | |a eng | |
| 082 | 1 | 4 | |a 428.4 |b SA-W |
| 100 | 1 | |a Sahanaya, Wendy. | |
| 245 | 1 | 0 | |a IELTS preparation and practice : |b reading and writing : Academic module / |c Wendy Sahanaya, Jeremy Lindeck, Richard Stewart ; Chú giải: Vũ Tài Hoa, Nguyễn Văn Phước, Ban biên dịch First News. |
| 260 | |a Đà Nẵng : |b Nxb Đà Nẵng, |c 2003. | ||
| 300 | |a vi, 159 p. : |b ill. ; |c 20.5 cm. | ||
| 440 | 0 | |a Chương trình luyện thi IELTS. | |
| 520 | 3 | |a Reading test; Writing test. | |
| 630 | 0 | 4 | |a English language. |
| 630 | 0 | 4 | |a International English Language Testing Systems. |
| 630 | 0 | 4 | |a IELTS. |
| 650 | 0 | 4 | |a English language |x Textbooks for foreign speakers. |
| 650 | 0 | 4 | |a English language |x Examinations, questions, etc. |
| 700 | 1 | |a Lindeck, Jeremy. | |
| 700 | 1 | |a Stewart, Richard. | |
| 700 | 1 | |a Vũ Tài Hoa, |e chú giải. | |
| 700 | 1 | |a Nguyễn Văn Phước, |e chú giải. | |
| 710 | 2 | |a Ban biên dịch First News. | |
| OWN | |a LNN | ||
| AVA | |a UDN50 |b LNN |c English |d 428.4 SA-W |e available |t Error 5001 Not defined in file expand_doc_bib_avail. |f 5 |g 0 |h N |i 0 |j AN | ||
| 999 | |a From the UDN01 | ||
| AVA | |a UDN50 |b LNN |c English |d 428.4 SA-W |e available |t Error 5001 Not defined in file expand_doc_bib_avail. |f 5 |g 0 |h N |i 0 |j AN | ||
| TYP | |a Monograph | ||
| TYP | |a Printed language | ||
| 980 | |a Mạng thư viện Đại học Đà Nẵng | ||